Introduction To Management Accounting (Record no. 3220)

MARC details
000 -LEADER
fixed length control field 00438nam a2200169Ia 4500
008 - FIXED-LENGTH DATA ELEMENTS--GENERAL INFORMATION
fixed length control field 221030s9999 xx 000 0 und d
020 ## - INTERNATIONAL STANDARD BOOK NUMBER
ISBN 8120308417
041 ## - LANGUAGE CODE
Language code of text/sound track or separate title
082 ## - DEWEY DECIMAL CLASSIFICATION NUMBER
Classification number 105.23
Item number Yeg
100 ## - MAIN ENTRY--AUTHOR NAME
Personal name C. T. Horngren
245 #0 - TITLE STATEMENT
Title Introduction To Management Accounting
Statement of responsibility, etc by C. T. Horngren, G. L Sundem
260 ## - PUBLICATION, DISTRIBUTION, ETC. (IMPRINT)
Name of publisher PHI
Place of publication New Delhi
Year of publication 2001
300 ## - PHYSICAL DESCRIPTION
Number of Pages 461
650 ## - SUBJECT ADDED ENTRY--TOPICAL TERM
Topical Term BE Management
700 ## - ADDED ENTRY--PERSONAL NAME
Personal name G. L Sundem
942 ## - ADDED ENTRY ELEMENTS (KOHA)
Koha item type Books
Holdings
Accession Number Cost, normal purchase price Full call number Price effective from Koha item type Withdrawn / writtenoff status Materials specified (bound volume or other part) Damaged status Not for loan Permanent Location Current Location Shelving location Date acquired Lost/ Missing status department
BE 5206 275.00 105.23 Yeg 10/30/2022 Books   Print     MIET Library, Jammu MIET Library, Jammu BL-First, FL-1, CUP-36, SH-2, R-2 05/30/2002   BE